Intellectual property rights / (Record no. 88239)

MARC details
000 -LEADER
fixed length control field 00631nam a22002057a 4500
005 - DATE AND TIME OF LATEST TRANSACTION
control field 20140903123442.0
010 ## - LCCN (DPL NO)
LC control number ENG-110700
020 ## - INTERNATIONAL STANDARD BOOK NUMBER
International Standard Book Number 9788120349896
Terms of availability 195.00
035 ## - SYSTEM CONTROL NUMBER
System control number EN-94232
037 ## - SOURCE OF ACQUISITION
Source of stock number/acquisition DBAD/PUB
082 ## - DEWEY DECIMAL CLASSIFICATION NUMBER
Classification number 346.54048
100 ## - MAIN ENTRY--PERSONAL NAME
Personal name Pandey, Neeraj
245 ## - TITLE STATEMENT
Title Intellectual property rights /
Statement of responsibility, etc by Neeraj Pandey [and] Khushdeep Dharni
260 ## - PUBLICATION, DISTRIBUTION, ETC. (IMPRINT)
Place of publication, distribution, etc Delhi
Name of publisher, distributor, etc PHI Learning
Date of publication, distribution, etc 2014
270 ## - ADDRESS
Address Rimjhim House, 111, Patparganj Industrial Estate
City Delhi
Postal code 110092
300 ## - PHYSICAL DESCRIPTION
Extent xvii,173p.
Dimensions 24cm(pbk)
500 ## - GENERAL NOTE
General note Includes index
700 ## - ADDED ENTRY--PERSONAL NAME
Personal name Dharni, Khushdeep
942 ## - ADDED ENTRY ELEMENTS (KOHA)
Source of classification or shelving scheme Dewey Decimal Classification
Item type English Books
Call number suffix PAN
Classification part 346.54048
Holdings
Withdrawn status Lost status Not for loan Collection code Home library Current library Date acquired Source of acquisition Cost, normal purchase price Full call number Barcode Copy number Cost, replacement price Koha item type
    Not For Loan Non-fiction D.B.Act.Division D.B.Act.Division 02/09/2014 DBAD/PUB 195.00 346.54048 PAN EN-94232 1 195.00 English Books

© Delhi Public Library
Hit Counter
free hit counter